000 00740nam a2200229Ia 4500
003 GCL
008 140319s9999 xx 000 0 ara d
040 _aGCL /
_cGCL
082 0 4 _a193
_bهـ ا
100 1 _aامام عبدالفتاح امام
245 1 0 _aاصول فلسفة الحق /
_cامام عبدالفتاح امام
700 1 _aهيجل, جورج فردودش
260 _a[S.N] :
_bدار الثقافة للنشر والتوزيع ،
_c1981
300 _a333 ص
490 _aنصوص فلسفية
_v0
650 0 4 _aالفلسفة
650 0 4 _aالفلسفة الحديثة
650 0 4 _aهيجل
650 0 4 _aالفلسفة الغربية
650 0 4 _aالفلسفة الالمانية
942 _2ddc
_cBK
999 _c31427
_d31427